000 00438cam a22001814a 4500
005 20250605163621.0
008 250528s ||||||||||||||||||||||||d
035 _a22827
020 _a9799607113633
040 _aGR-AtMCL
_bgre
_dGR-AtMCL
_eAACR2
245 1 _aLISTENING FOR CAMBRIDGE FIRST CERTIFICATE
250 _a1
260 _bC.N.Grivas
_bGrivas,
_c1996
300 _a123
942 _cBK
999 _c7872
_d7872